000 01499cam a2200277 a 4500
003 OSt
005 20200902113101.0
008 070129s2006 ck ad r 000 0 spa d
020 _a9589285718
040 _aCO-BoPUJ
_cCO-JMCR
041 0 _aspa
082 0 4 _a338.18 /
_bL159p
_223
100 1 _aLafaurie Rivera, José Félix
_eautor
_99611
245 1 0 _aPosconflicto y desarrollo :
_binversiónes sustitutivas de impuestos : una propuesta de inclusión y desarrollo rural /
_cJosé Félix Lafaurie Rivera ; colaboradores Alfonso Santana Díaz, Sandra Castro Contreras y Ricardo Cortes Dueñas
260 _aBogotá :
_bKonrad Adenauer-Stiftung ;
_bFedegan,
_c2006.
300 _a495 páginas :
_bilustraciones, gráficos y tablas ;
_c24 cm.
500 _aDatos biográficos del autor en solapa frontal.
505 0 _aEl sesgo anti-rural de los modelos de desarrollo. -- Indicadores sociales del sector rural. -- La destrucción de la institucionalidad -- La Política de seguridad democrática y civilidad. -- Más allá de las armas. -- De la iniquidad a una visión rural 2019. -- La propuesta : inversiones sustitutivas de impuestos.
650 2 4 _aPolítica agrícola
_zColombia
_97086
650 2 4 _aDesarrollo rural
_zColombia
_99612
650 2 4 _aConflicto armado
_xAspectos económicos
_zColombia
_99613
700 1 _aSantana Díaz, Alfonso
_ecoautor
_99614
700 1 _aCastro Contreras, Sandra
_ecoautor
_99615
700 1 _aCortes Dueñas, Ricardo
_ecoautor
_99616
942 _2ddc
_cBK
999 _c6811
_d6811